1645 1919 1552 1234 1410 1630 1452 1261 1196 1635 1906 1449 1141 1661 1956 1696 1806 1564 1224 1330 1655 1052 1510 1050 1223 1186 1214 1301 1607 1626 1750 1164 1936 1913 1527 1795 1201 1288 1160 1418 1023 1513 1239 1594 1777 1409 1541 1081 1301 1637 1235 1009 1279 1149 1636 1824 1170 1898 1151 1255 1712 1455 1237 1730 1530 1365 1799 1203 1672 1517 1919 1968 1678 1499 1356 1758 1419 1320 1749 1193 1417 1044 1934 1293 1599 1914 1152 1607 1746 1660 1861 1169 1629 1935 1540 1656 1687 1172 1948 BCNSPRNW ULIB Ver.6.0+V

เปลี่ยนเป็นภาษาไทย

Change to English
 แสดงรายละเอียดบรรณานุกรม
  กลับหน้าหลัก

Brief Record : Get Marc (ISO 2709) : E-mail record : QR code < ปิดหน้าต่าง
LEADER : 00000nam 2200000uu 4500
001    13399114704
003     ULIB
008    120110s2555||||th 000 0 tha d
099    วจ.WY18^bอ488ก
100 0  อังคณาพร สอนง่าย
245 00 การประเมินผลจัดการเรียนการสอนตามสภาพจริง ในรายวิชาการจัดการความรู้สุขภาพชุมชนแบบองค์รวม ของนักศึกษาหลักสูตรประกาศนียบัตรสาธารณสุขศาสตร์(สาธารณสุขชุมชน)/^cอังคณาพร สอนง่าย และคณะ
260    พิษณุโลก :^bวิทยาลัยการสาธารณสุขสิรินธร จังหวัดพิษณุโลก,^c2555
300    60 หน้า :^bตาราง
500    รายงานการวิจัย
650  7 การจัดการเรียนการสอน^xวิจัย
700 02 จงดี ขจรไชยกูล
700 02 ลือวุฒิ บานเย็น
700 02 สรรเพ็ชญ์ อินทะพันธุ์
700 02 โสภา ศรีทอง
710 1  วิทยาลัยการสาธารณสุขสิรินธร จังหวัดพิษณุโลก
945    ^p0^l0^i031718
995    ทศพร
999 ^a ทศพร
รายการนี้ยังไม่มีแท็ก
คุณยังไม่ได้ล็อกอิน คุณสามารถมีกิจกรรมร่วมกับเว็บไซต์ได้ แต่ต้องล็อกอินก่อน ::
  ล็อกอิน

รายการสื่อสารสนเทศ

ลำดับที่ ประเภท เลขเรียก/บาร์โค้ด สถานที่ สถานะ
1. งานวิจัย
งานวิจัย
วจ.WY18 อ488ก ฉ.1 
  Barcode: 031718
ห้องสมุดวิทยาเขตสวรรค์ประชารักษ์
►วิจัย
บนชั้น

รายการใกล้เคียง
    ผู้แต่ง [อังคณาพร สอนง่าย]

BibComment


ยังไม่เคยถูกคอมเมนท์

คอมเมนท์ทรัพยากรรายการนี้
  คอมเมนท์: การประเมินผลจัดกา..


 Copyright 2026. Bcnsprnw @Library